=LDR 00000nam 2200000 4500 =001 INLIS000000000045151 =005 20141227134827.0 =006 =007 =008 =020 ##$$a 979-515-386-6 =035 ##$$0010-121400000000301 =082 ##$$a 641.5 =100 ##$$a seri masak femina =245 ##$$a sarapan ala cina dim sum =250 ##$$a Cet.2 2007 =260 ##$$a Jakarta $b PT.gaya favorit press $c 2007 =300 ##$$a 48 hlm $b ilus $c 23 cm =850 ##$$aNBPNMAT =990 ##$$a 0001/BPAP-NTB/20142014